[Event "4NCL Division 2a"]
[Site "Birmingham, ENG ENG"]
[Date "2015.11.15"]
[Round "2.242"]
[White "Brown, Alan M"]
[Black "Okike, David"]
[Result "0-1"]
[WhiteElo "2080"]
[BlackElo "2189"]
[PlyCount "136"]
[EventDate "2015.11.15"]
[WhiteTeam "MK Phoenix 1"]
[BlackTeam "Kings Head"]

1. d4 Nf6 2. c4 e6 3. Nc3 Bb4 4. Qc2 d5 5. a3 Be7 6. Nf3 c6 7. e3 a5 8. Bd3
Nbd7 9. O-O h6 10. Bd2 O-O 11. Rfe1 b6 12. e4 Ba6 13. cxd5 Bxd3 14. Qxd3 cxd5
15. exd5 Nxd5 16. Nxd5 exd5 17. Rac1 Bd6 18. Qb5 Nf6 19. Rc6 Rb8 20. Kf1 Bc7
21. Rec1 Bd6 22. Qa6 Ne4 23. Be1 Re8 24. R1c2 Kh7 25. h3 Re6 26. Qb5 Nf6 27.
Bd2 Re4 28. Be3 Re7 29. Qd3+ Kg8 30. Qf5 Re6 31. Qd3 Ne4 32. Qb5 Ng3+ 33. fxg3
Rxe3 34. Qxd5 Bxg3 35. Qxd8+ Rxd8 36. Rc8 Rxc8 37. Rxc8+ Kh7 38. Rc2 f5 39. Re2
Rb3 40. Rc2 Re3 41. Re2 Rb3 42. Rc2 g5 43. Ke2 Bf4 44. Ne1 Re3+ 45. Kf2 g4 46.
hxg4 fxg4 47. Rc7+ Kg8 48. Rc6 g3+ 49. Kf1 Rb3 50. Rc2 Kf7 51. Ke2 Re3+ 52. Kf1
Rb3 53. Ke2 Re3+ 54. Kd1 h5 55. Re2 Ke6 56. Rxe3+ Bxe3 57. Nc2 Bf2 58. Ke2 Kd5
59. Kf3 a4 60. Kf4 b5 61. Kf3 h4 62. Kg4 Kc4 63. Kxh4 Kb3 64. Nb4 Bxd4 65. Kxg3
Bxb2 66. Kf4 Bxa3 67. Nd3 Kc2 68. Ke4 Be7 0-1

[Event "4NCL Division 2a"]
[Site "Birmingham, ENG ENG"]
[Date "2015.11.15"]
[Round "2.243"]
[White "McMichael, Richard J"]
[Black "Grieve, Harry"]
[Result "0-1"]
[WhiteElo "2207"]
[BlackElo "2080"]
[PlyCount "102"]
[EventDate "2015.11.15"]
[WhiteTeam "Kings Head"]
[BlackTeam "MK Phoenix 1"]

1. f4 d5 2. Nf3 g6 3. e3 Bg7 4. c3 Nf6 5. d4 O-O 6. Bd3 c5 7. O-O b6 8. Qe2 Bb7
9. Bd2 Ne4 10. Be1 Nd7 11. Nbd2 Ndf6 12. Bh4 Qc7 13. Ne5 Nd6 14. f5 Nfe4 15.
fxg6 hxg6 16. Nxe4 dxe4 17. Bc2 Nf5 18. Bg5 Bxe5 19. dxe5 Qxe5 20. Bf4 Qe6 21.
Bg5 Bd5 22. b3 f6 23. Bf4 g5 24. c4 Bc6 25. Bg3 Nxg3 26. hxg3 Rad8 27. Rad1 Kg7
28. Rxd8 Rxd8 29. Rd1 Rd6 30. Kh2 Qd7 31. Rxd6 exd6 32. Qd2 d5 33. cxd5 Qxd5
34. Qc3 Bb5 35. a4 Bd3 36. Bd1 Qe5 37. Qd2 Kg6 38. Be2 Qd5 39. Qd1 f5 40. Bh5+
Kf6 41. Be8 g4 42. Bb5 Ke6 43. Qa1 Qe5 44. Qc1 a6 45. Bc4+ Ke7 46. Qd2 Qd6 47.
Bxd3 exd3 48. Kg1 Qd5 49. Kh2 Kd7 50. Qc3 d2 51. Qg7+ Kc6 0-1

[Event "4NCL Division 2a"]
[Site "Birmingham, ENG ENG"]
[Date "2015.11.15"]
[Round "2.244"]
[White "Fraser-Mitchell, Jeremy N"]
[Black "Wittmann, Jochen"]
[Result "1-0"]
[WhiteElo "2059"]
[BlackElo "2118"]
[PlyCount "45"]
[EventDate "2015.11.15"]
[WhiteTeam "MK Phoenix 1"]
[BlackTeam "Kings Head"]

1. d4 f5 2. Bg5 c6 3. e3 Qb6 4. Nd2 g6 5. Nc4 Qc7 6. Bd3 Bg7 7. h4 d6 8. Qf3 e5
9. dxe5 dxe5 10. O-O-O Nf6 11. Bxf6 Bxf6 12. g4 Be6 13. gxf5 gxf5 14. Qh5+ Bf7
15. Qxf5 Nd7 16. Be2 Ke7 17. Nf3 Be6 18. Qd3 Nc5 19. Qa3 b6 20. Ng5 Bd5 21. e4
h6 22. exd5 cxd5 23. Ne3 1-0

[Event "4NCL Division 2a"]
[Site "Birmingham, ENG ENG"]
[Date "2015.11.15"]
[Round "2.245"]
[White "Lewis, Alex"]
[Black "Reuben, Stewart"]
[Result "1-0"]
[WhiteElo "2160"]
[BlackElo "2055"]
[PlyCount "93"]
[EventDate "2015.11.15"]
[WhiteTeam "Kings Head"]
[BlackTeam "MK Phoenix 1"]

1. e4 c5 2. Nf3 g6 3. d4 cxd4 4. Nxd4 Bg7 5. Be3 Nc6 6. Nc3 Nf6 7. Bc4 O-O 8.
Bb3 a6 9. f3 Qc7 10. Qd2 b5 11. O-O-O Bb7 12. h4 Na5 13. h5 Nxb3+ 14. axb3 b4
15. Na4 Rac8 16. Kb1 e5 17. Ne2 d5 18. hxg6 fxg6 19. Nb6 d4 20. Nxc8 dxe3 21.
Qxb4 Rxc8 22. c4 Bf8 23. Qc3 Bc5 24. Rhe1 a5 25. Qd3 Bb4 26. Nc3 a4 27. Nb5 Qf7
28. Rxe3 axb3 29. Qxb3 Qxc4 30. Rd8+ Bf8 31. Rxc8 Qxb3 32. Rxf8+ Kxf8 33. Rxb3
Nxe4 34. fxe4 Bxe4+ 35. Kc1 Bxg2 36. Re3 h5 37. Rg3 Bc6 38. Nd6 Kg7 39. b4 h4
40. Nf5+ Kf6 41. Nxh4 g5 42. Ng2 Kf5 43. Kd2 Bd7 44. Ke3 g4 45. Ne1 Bc6 46. Nd3
Bd7 47. Rxg4 1-0

[Event "4NCL Division 2a"]
[Site "Birmingham, ENG ENG"]
[Date "2015.11.15"]
[Round "2.246"]
[White "Habershon, Paul F"]
[Black "Mackenzie, Colin"]
[Result "1/2-1/2"]
[WhiteElo "2052"]
[BlackElo "2046"]
[PlyCount "83"]
[EventDate "2015.11.15"]
[WhiteTeam "MK Phoenix 1"]
[BlackTeam "Kings Head"]

1. e4 e6 2. d3 d5 3. Nd2 Nf6 4. g3 dxe4 5. dxe4 e5 6. Bg2 Bc5 7. Ngf3 Bg4 8. h3
Bxf3 9. Bxf3 c6 10. Qe2 O-O 11. Nb3 Be7 12. Be3 Nbd7 13. O-O-O a5 14. g4 a4 15.
Nc5 Qc7 16. g5 Bxc5 17. Bxc5 Nxc5 18. gxf6 Ne6 19. fxg7 Rfd8 20. Bg4 Nf4 21.
Qf3 a3 22. Rxd8+ Qxd8 23. bxa3 Qd4 24. Kb1 Ra5 25. c3 Qc4 26. Rc1 Nd3 27. Rc2
Rb5+ 28. Ka1 Ne1 29. Qd1 Nxc2+ 30. Qxc2 Ra5 31. Qd2 Ra8 32. Bf5 Kxg7 33. Qg5+
Kf8 34. Qd2 Qf1+ 35. Kb2 Qb5+ 36. Ka1 Qf1+ 37. Kb2 Qb5+ 38. Ka1 Qc5 39. Bxh7
Rxa3 40. Qd8+ Kg7 41. Qg5+ Kxh7 42. Qh5+ 1/2-1/2

[Event "4NCL Division 2a"]
[Site "Birmingham, ENG ENG"]
[Date "2015.11.15"]
[Round "2.247"]
[White "Disu, Kayode"]
[Black "Elwin, Adrian G"]
[Result "1-0"]
[WhiteElo "1904"]
[BlackElo "1989"]
[PlyCount "89"]
[EventDate "2015.11.15"]
[WhiteTeam "Kings Head"]
[BlackTeam "MK Phoenix 1"]

1. c4 e5 2. Nc3 Nf6 3. e4 Nc6 4. g3 Bc5 5. Bg2 d6 6. Nge2 Bg4 7. d3 Nd4 8. h3
Bf3 9. O-O Bxg2 10. Kxg2 Qd7 11. Be3 h6 12. Bxd4 Bxd4 13. Nxd4 exd4 14. Ne2 c5
15. b4 b5 16. Rc1 O-O 17. bxc5 dxc5 18. f4 b4 19. g4 Qc6 20. Ng3 a5 21. Nf5
Rfe8 22. Qf3 a4 23. g5 Nh7 24. gxh6 g6 25. Ng3 Kh8 26. f5 gxf5 27. Nxf5 Rg8+
28. Kh1 Qe6 29. h4 b3 30. axb3 axb3 31. Rb1 Rab8 32. Qf4 Qg6 33. Rg1 Qxg1+ 34.
Rxg1 Rxg1+ 35. Kxg1 Rg8+ 36. Kh2 b2 37. Nd6 Rg6 38. Qe5+ Nf6 39. Nxf7+ Kh7 40.
Ng5+ Kxh6 41. Qb8 Kh5 42. Qxb2 Kxh4 43. Nf3+ Kh5 44. Ne5 Rh6 45. Qg2 1-0

[Event "4NCL Division 2a"]
[Site "Birmingham, ENG ENG"]
[Date "2015.11.15"]
[Round "2.248"]
[White "Kendall, Paul S N"]
[Black "Zhang, Harvey Y"]
[Result "1/2-1/2"]
[WhiteElo "1975"]
[BlackElo "1704"]
[PlyCount "34"]
[EventDate "2015.11.15"]
[WhiteTeam "MK Phoenix 1"]
[BlackTeam "Kings Head"]

1. e4 c5 2. Nc3 Nc6 3. f4 g6 4. Nf3 Bg7 5. Bb5 Nd4 6. O-O e6 7. Nxd4 cxd4 8.
Ne2 a6 9. Bd3 d5 10. exd5 Qxd5 11. b3 b5 12. Ng3 f5 13. Qe2 Nf6 14. a4 b4 15.
Bb2 O-O 16. Bc4 Qd6 17. Rae1 Re8 1/2-1/2